|
|
|
|
| LEADER |
00000cam a22000004a 4500 |
| 001 |
musev2_35015 |
| 003 |
MdBmJHUP |
| 005 |
20230905043703.0 |
| 006 |
m o d |
| 007 |
cr||||||||nn|n |
| 008 |
140224s2014 ilu o 00 0 eng d |
| 010 |
|
|
|z 2019718073
|
| 020 |
|
|
|a 9780252096495
|
| 020 |
|
|
|z 9780252080173
|
| 020 |
|
|
|z 9780252038570
|
| 035 |
|
|
|a (OCoLC)890952485
|
| 040 |
|
|
|a MdBmJHUP
|c MdBmJHUP
|
| 100 |
1 |
|
|a Goins, Wayne E.,
|e author.
|
| 245 |
1 |
0 |
|a Blues All Day Long :
|b The Jimmy Rogers Story /
|c Wayne Everett Goins ; foreword by Kim Wilson.
|
| 264 |
|
1 |
|a Urbana :
|b University of Illinois Press,
|c [2014]
|
| 264 |
|
3 |
|a Baltimore, Md. :
|b Project MUSE,
|c 2014
|
| 264 |
|
4 |
|c ©[2014]
|
| 300 |
|
|
|a 1 online resource (432 pages).
|
| 336 |
|
|
|a text
|b txt
|2 rdacontent
|
| 337 |
|
|
|a computer
|b c
|2 rdamedia
|
| 338 |
|
|
|a online resource
|b cr
|2 rdacarrier
|
| 490 |
0 |
|
|a Music in American Life
|
| 505 |
0 |
|
|a From Minter City to Madison Street (1924-1960). Money, marbles, and chalk ; Chicago bound ; Chess moves ; Headhunters and wolfmen ; The world's in a tangle ; Blues leave me alone -- Rising from the ashes (1970-1989). Walkin' by myself ; Shelter from ther storm ; Gold tailed bird ; Feelin' good ; Out on the road -- Fathers and sons (1989-1997). Changing lanes ; That's all right ; Long gone -- Coda. The last time.
|
| 588 |
|
|
|a Description based on print version record.
|
| 600 |
1 |
7 |
|a Rogers, Jimmy.
|2 fast
|0 (OCoLC)fst01928615
|
| 600 |
1 |
0 |
|a Rogers, Jimmy.
|
| 650 |
|
7 |
|a Jazz musicians.
|2 fast
|0 (OCoLC)fst00982205
|
| 650 |
|
7 |
|a Guitarists.
|2 fast
|0 (OCoLC)fst00949233
|
| 650 |
|
7 |
|a MUSIC
|x Individual Composer & Musician.
|2 bisacsh
|
| 650 |
|
7 |
|a MUSIC
|x Musical Instruments
|x Strings.
|2 bisacsh
|
| 650 |
|
7 |
|a BIOGRAPHY & AUTOBIOGRAPHY
|x Composers & Musicians.
|2 bisacsh
|
| 650 |
|
6 |
|a Musiciens de jazz
|z États-Unis
|v Biographies.
|
| 650 |
|
6 |
|a Guitaristes
|z États-Unis
|v Biographies.
|
| 650 |
|
0 |
|a Jazz musicians
|z United States
|v Biography.
|
| 650 |
|
0 |
|a Guitarists
|z United States
|v Biography.
|
| 651 |
|
7 |
|a United States.
|2 fast
|0 (OCoLC)fst01204155
|
| 655 |
|
7 |
|a Biographies.
|2 lcgft
|
| 655 |
|
7 |
|a Biographies.
|2 fast
|0 (OCoLC)fst01919896
|
| 655 |
|
7 |
|a Electronic books.
|2 local
|
| 710 |
2 |
|
|a Project Muse.
|e distributor
|
| 830 |
|
0 |
|a Book collections on Project MUSE.
|
| 856 |
4 |
0 |
|z Texto completo
|u https://projectmuse.uam.elogim.com/book/35015/
|
| 945 |
|
|
|a Project MUSE - Custom Collection
|
| 945 |
|
|
|a Project MUSE - 2014 Film, Theater and Performing Arts
|
| 945 |
|
|
|a Project MUSE - 2014 Complete
|